[Event "Hibrido del Sur op U2200"]
[Site "Porlamar"]
[Date "2021.08.28"]
[Round "5"]
[White "Roa Romero, Miguelangel Alberto"]
[Black "Cabello Hurtado, Juan Carlos"]
[Result "1/2-1/2"]
[WhiteElo "1492"]
[BlackElo "1495"]
[PlyCount "48"]
[EventDate "2021.08.27"]
[EventType "swiss"]
[EventRounds "7"]
[EventCountry "VEN"]
[SourceTitle "EXT 2023"]
[Source "ChessBase"]
[SourceDate "2022.10.05"]
[SourceVersion "1"]
[SourceVersionDate "2022.10.05"]
[SourceQuality "1"]

1. f4 d5 2. g3 Nf6 3. Bg2 Bf5 4. Nf3 e6 5. d3 Bc5 6. e3 0-0 7. 0-0 c6 8. Re1 h6 9. Nc3 Na6 10. a3 b5 11. Kh1 d4 12. exd4 Bxd4 13. Nxd4 Qxd4 14. Be3 Qd7 15. Ne4 Nd5 16. Bf2 Rfd8 17. Qd2 Rac8 18. Qa5 Qb7 19. Nc5 Nxc5 20. Bxc5 Nb6 21. Bf2 Qc7 22. Rac1 Qb8 23. h3 Bg6 24. Re5 Nd7 1/2-1/2

[Event "Hibrido del Sur op U2200"]
[Site "Porlamar"]
[Date "2021.08.28"]
[Round "3"]
[White "Zanella Gonzalez, Armando Jose"]
[Black "Cabello Hurtado, Juan Carlos"]
[Result "0-1"]
[WhiteElo "1160"]
[BlackElo "1495"]
[PlyCount "88"]
[EventDate "2021.08.27"]
[EventType "swiss"]
[EventRounds "7"]
[EventCountry "VEN"]
[SourceTitle "EXT 2023"]
[Source "ChessBase"]
[SourceDate "2022.10.05"]
[SourceVersion "1"]
[SourceVersionDate "2022.10.05"]
[SourceQuality "1"]

1. e4 e6 2. d4 d5 3. exd5 exd5 4. Nf3 Bd6 5. Bd3 Ne7 6. 0-0 Nbc6 7. Be3 Bg4 8. Be2 Qd7 9. Nbd2 f6 10. c4 dxc4 11. Nxc4 0-0-0 12. d5 Bxf3 13. Bxf3 Ne5 14. Nxe5 Bxe5 15. Bxa7 Nxd5 16. Qb3 c6 17. Rad1 Qe6 18. Bxd5 Rxd5 19. f4 Bc7 20. Rxd5 Qxd5 21. Qxd5 cxd5 22. Rc1 Kd7 23. Be3 Re8 24. Kf2 Bd6 25. g3 f5 26. Kf3 g6 27. Rc3 Ra8 28. a3 Ra4 29. Rb3 Kc6 30. Rc3+ Rc4 31. Rxc4+ dxc4 32. Bd4 Kd5 33. Bc3 b5 34. h4 Bc5 35. g4 h5 36. gxh5 gxh5 37. Bd2 Be7 38. Be1 Bf6 39. Bc3 Bxh4 40. Kg2 Ke4 41. Kh3 Bf2 42. Be5 Kf3 43. Bd6 Bg3 44. Bc5 Bxf4 0-1